00503 2200193 4500001002100000005001500021035002000036245006900056100001400125250001100139300001900150260003500169082000600204084001200210020001800222008004100240990001400281990001400295INLIS00000000000000220220509103124 a0010-05220000021 aDilan Bagian Kedua :bDia adalah dilanku tahun 1991 /cPadi Baiq0 aPadi Baiq aBag. 2 a344 hlm. ;c21 aBandung :bPastel Books,c2015 aF aF PAD d a9786027870994220509 0  a202200003 a202200002